Caricamento...

Yahin kahin par

Dettagli Bibliografici
Autore principale: Sunita Jain
Natura: Printed Book
Pubblicazione: New Delhi: Vani Prakashan, 1999
LEADER 00426nam a22001337a 4500
008 140827b ii||||| |||| 00| 0 hin d
999 |c 247769  |d 247769 
020 |a 8170556333 
100 |a Sunita Jain 
245 |a Yahin kahin par 
260 |a New Delhi:  |b Vani Prakashan,  |c 1999 
546 |a in Hindi 
942 |c BK 
952 |0 0  |1 0  |4 0  |6 S_31_000000000000000  |7 0  |9 275105  |a HIN  |b HIN  |c ST1  |d 2017-08-08  |i 24839  |l 0  |o s31  |p HIN24839  |r 2017-08-08  |w 2018-08-23  |y BK